| 000 | 00499nam a2200133Ia 4500 | ||
|---|---|---|---|
| 008 | 231129s2016||||xx |||||||||||||| ||spa|| | ||
| 020 | _a978-958-722-240-1 | ||
| 082 | _aDL410 G441f | ||
| 100 | _aGiraldo Henao Leandro Arbey | ||
| 245 | 0 | _aForma y sentido de la Ciencia del Lenguaje: Fundamentos teóricos y prácticos del discurso linguistico pedagógico y juvenil | |
| 260 | _c2016 | ||
| 264 | _aPereira : Universidad Tecnológica de Pereira | ||
| 942 |
_2ddc _cBKS |
||
| 999 |
_c14093 _d14093 |
||